000 00327nam a2200133 a 4500
001 4144
005 20140414131901.0
008 090317s19uu xx 00 eng d
050 _aFIC
_bC58 1981
100 _aCleary, Beverly
245 _aRamona Quimby, age 8.
260 _aNew York :
_bScholastic ,
_c1981.
999 _c110673
_d110673